00349nam a2200145Ia 4500008004100000020001500041041000800056082001500064100002100079245002700100250000600127260003300133300001200166650002500178210716s2002 xx 000 0 und d a0071386262 aeng a657.3 SCHH aSchilit, Howard. aFinancial shenanigans. a2 aNew DelhibMcGraw Hillc2002 avii,296 aFinancial Accounting